000
00309nam a22001337a 4500
008
181203b xxu||||| |||| 00| 0 eng d
020
_a
9781582931159
041
_a
eng
080
_2
24th
_a
336
100
_a
56
101
_a
FIN
245
_a
Financial Planning Applications
_c
Lemoine,C.W
942
_2
udc
_c
BK
999
_c
52735
_d
52735